1796 1093 1933 1767 1557 1867 1124 1331 1711 1364 1099 1431 1086 1686 1880 1595 1111 1999 1460 1122 1713 1617 1755 1880 1907 1795 1037 1094 1829 1147 1880 1384 1431 1034 1148 1908 1145 1698 1472 1367 1822 1384 1388 1984 1260 1926 1873 1130 1692 1194 1321 1701 1626 1367 1976 1477 1897 1656 1340 1501 1769 1739 1737 1945 1033 1269 1240 1822 1367 1965 1924 1139 1302 1104 1433 1242 1032 1844 1851 1198 1928 1239 1436 1034 1249 1145 1441 1993 1078 1386 1702 1715 1610 1504 1347 1346 1168 1443 1646 BCNSPRNW ULIB Ver.6.0+V

เปลี่ยนเป็นภาษาไทย

Change to English
 แสดงรายละเอียดบรรณานุกรม
  กลับหน้าหลัก

Brief Record : Get Marc (ISO 2709) : E-mail record : QR code < ปิดหน้าต่าง
LEADER : 00000nam 2200000uu 4500
001    13399122012
003     ULIB
008    121219s2551||||th 000 0 tha d
020    9789741149339
060  4 WY100^bค111
110 1  คณะพยาบาลศาสตร์ มหาวิทยาลัยสงขลานครินทร์
245 00 การพยาบาลเพื่อดุลยภาพชีวิตในความหลากหลายทางวัฒนธรรม/^cคณะพยาบาลศาสตร์ มหาวิทยาลัยสงขลานครินทร์
246 0  Nursing for living harmoniously in cultural diversity
260    สงขลา:^bลิมบราเดอร์การพิมพ์,^c2551
300    153 หน้า:^bภาพประกอบ
650  0 การพยาบาล^xสุขภาพ
945    ^p0^l0^i033227
995    เกษร
999    ^aใช้งานได้ทุกระบบ
รายการนี้ยังไม่มีแท็ก
คุณยังไม่ได้ล็อกอิน คุณสามารถมีกิจกรรมร่วมกับเว็บไซต์ได้ แต่ต้องล็อกอินก่อน ::
  ล็อกอิน

รายการสื่อสารสนเทศ

ลำดับที่ ประเภท เลขเรียก/บาร์โค้ด สถานที่ สถานะ
1. วิทยาศาสตร์การแพทย์ และสุขภาพ
หนังสือสำรอง
สถานะ=หนังสือสำรอง
WY100 ค111 ฉ.1 
  Barcode: 033227
ห้องสมุดวิทยาเขตสวรรค์ประชารักษ์
►หนังสือทั่วไป
บนชั้น

BibComment


ยังไม่เคยถูกคอมเมนท์

คอมเมนท์ทรัพยากรรายการนี้
  คอมเมนท์: การพยาบาลเพื่อดุล..


 Copyright 2026. Bcnsprnw @Library